mysqli: Table './ulib62015/stat_globaluid' is marked as crashed and should be repaired
select id from stat_globaluid where statuid='20260705235918_4238'
mysqli: Table './ulib62015/stat_globaluid' is marked as crashed and should be repaired
DELETE FROM stat_globaluid
WHERE id NOT IN (
SELECT id
FROM (
SELECT id
FROM stat_globaluid
ORDER BY id DESC
LIMIT 100
) foo
);
mysqli: Table './ulib62015/stat_globaluid' is marked as crashed and should be repaired
insert into stat_globaluid set
statuid='20260705235918_4238',
dt='1783270758',
phpself='/ULIB62015/dublinfull.php',
agent='Mozilla/5.0 AppleWebKit/537.36 (KHTML, like Gecko; compatible; ClaudeBot/1.0; +claudebot@anthropic.com)',
yea='2026',
mon='7',
dat='5',
ip='216.73.217.145'
mysqli: Table './ulib62015/stathist_viewbib_bib_type' is marked as crashed and should be repaired
insert into stathist_viewbib_bib_type set
dat='05' ,
mon='07' ,
yea='2026' ,
statuid='20260705235918_4238' ,
head='13399107851' ,
foot='marc' ,
dt='1783270758'
| LEADER : 00000nam 2200000uu 4500 |
| 008 101223s||||||||th 000 0 tha d |
| 020 0-8053-6017-4
|
| 050 4 QA76.73.C15^bP748
|
| 100 1 Pohl, Ira
|
| 245 10 Turbo C++ /^cIra Pohl
|
| 260 Redwood City, Calif. :^bThe Benjamin/Cunnings Pub.,^cc1991
|
| 300 xv, 279 p
|
| 650 0 C++ (COMPUTER PROGRAM LANGUAGE)
|
| 650 0 TURBO C++ (COMPUTER PROGRAM)
|
| 945 ^p0^l0^i014283
|
| 945 ^p0^l0^i014307 |
| 999 ^aบรรณารักษ์
|
| คุณยังไม่ได้ล็อกอิน คุณสามารถมีกิจกรรมร่วมกับเว็บไซต์ได้ แต่ต้องล็อกอินก่อน :: |
|
|
|
| ลำดับที่ |
ประเภท |
เลขเรียก/บาร์โค้ด |
สถานที่ |
สถานะ |
| 1. |
 หนังสือ | A76.73.C15 P748 Barcode: 014283 | หนังสือทั่วไป | บนชั้น ขอยืม |
| 2. |
 หนังสือ | QA76.73.C15 P748 c.2 Barcode: 014307 | หนังสือทั่วไป | บนชั้น ขอยืม |
|
ยังไม่เคยถูกคอมเมนท์
|
| คอมเมนท์ทรัพยากรรายการนี้ |
|